00685 2200193 4500001002100000005001500021035002000036245014200056100002000198250002000218300005100238856002200289700009200311260003300403082000800436084001600444020001800460650001300478INLIS00000000114812820260331083039 a0010-03260006391 aPANGGIL AKU MARYAM /cPenulis.' Lesley Hazleton.; Penerjemaah.; Muhammad isran.; Editor.; Muhammad Ali Fakih.; Tata Sampul.; Agum Pratama0 aLesley Hazleton acetakan pertama a372 halaman :bilustrasi ;c14 x 20 cmekertas aperpustakaan umum0 aPenerjemaah.; Muhammad isran.; Editor.; Muhammad Ali Fakih.; Tata Sampul.; Agum Pratama aYogyakarta :bIrcisod,c2020 a295 a232.91 LE p a9786237378105 4aBiografi